Unicorn Riders : Krystal's Choice (Record no. 325462)

000 -LEADER
fixed length control field 00376 a2200133 4500
001 - CONTROL NUMBER
control field 90389
082 ## - DEWEY DECIMAL CLASSIFICATION NUMBER
Classification number 809.89282 DAR
090 ## - LOCALLY ASSIGNED LC-TYPE CALL NUMBER (OCLC); LOCAL CALL NUMBER (RLIN)
-- 42709
-- 42709
100 ## - MAIN ENTRY--PERSONAL NAME
Personal name Darlison Aleesah
245 ## - TITLE STATEMENT
Title Unicorn Riders : Krystal's Choice
Remainder of title Krystal's Choice
Statement of responsibility, etc. illustrated by jill Brailsford
260 ## - PUBLICATION, DISTRIBUTION, ETC.
Place of publication, distribution, etc. London
Name of publisher, distributor, etc. Walker Books
Date of publication, distribution, etc. 2011
300 ## - PHYSICAL DESCRIPTION
Extent 125p.
500 ## - GENERAL NOTE
General note General Collection
942 ## - ADDED ENTRY ELEMENTS (KOHA)
Institution code [OBSOLETE] CAE NUST
Call number prefix 809.89282 DAR
Holdings
Withdrawn status Lost status Damaged status Not for loan Collection code Permanent Location Current Location Date acquired Total Checkouts Full call number Barcode Date last seen Price effective from Koha item type
          College of Aeronautical Engineering (CAE) College of Aeronautical Engineering (CAE) 04/03/2017   809.89282 DAR CAE86277 04/05/2017 04/05/2017 Book
© 2023 Central Library, National University of Sciences and Technology. All Rights Reserved.